00684 2200217 4500001002100000005001500021035002400036040001200060082001600072084002000088090002000108100002500128245007500153260011000228300003000338650004100368700001100409850001200420990001700432990001700449YOGYA00000000009908520140823123349 0010-021400000000596 aYOPDYOG 2[22]a732.4 aNUS 732.4 Lae L aNUS 732.4 Lae L aLaela Nurhayati Dewi aArca Ganesa: Koleksi Museum Jawa Tengah/bLaela Nurhayati Dewi, Nurodo aSemarang.:bMuseum Jawa Tengah Ranggawarsita Dinas Kebudayaan dan Pariwisata Provinsi Jawa Tengah.:c2011 ax, 145hlm.:bilus.:c21cm aSeni Patung Zaman Asia Tenggara Kuno aNurodo aYOPDYOG a5363-PD/A.14 a5364-PD/A.14